Normal view
MARC view
- MCCARRON,O.WILLIAM
Entry Personal Name
001 - CONTROL NUMBER
- control field: 109692
003 - CONTROL NUMBER IDENTIFIER
- control field: NUST
005 - DATE AND TIME OF LATEST TRANSACTION
- control field: 20230301151239.0
008 - FIXED-LENGTH DATA ELEMENTS
- fixed length control field: 230301|| aca||aabn | a|a d
040 ## - CATALOGING SOURCE
- Original cataloging agency: NUST
- Transcribing agency: NUST
100 ## - HEADING--PERSONAL NAME
- Personal name: MCCARRON,O.WILLIAM
670 ## - SOURCE DATA FOUND
- Source citation: Work cat.: (NUST): MCCARRON,O.WILLIAM., DEEP WATER FOUNDATION & PIPLINE GEOMECHANICS /, 2014.
